Normal view
MARC view
- Lin Crase ;, Vasant P. Gandhi
Entry Personal Name
001 - CONTROL NUMBER
- control field: 27687
003 - CONTROL NUMBER IDENTIFIER
- control field: NUST
005 - DATE AND TIME OF LATEST TRANSACTION
- control field: 20200116160603.0
008 - FIXED-LENGTH DATA ELEMENTS
- fixed length control field: 200116|| aca||aabn | a|a d
040 ## - CATALOGING SOURCE
- Original cataloging agency: NUST
- Transcribing agency: NUST
100 ## - HEADING--PERSONAL NAME
- Personal name: Lin Crase ;, Vasant P. Gandhi
670 ## - SOURCE DATA FOUND
- Source citation: Work cat.: (NUST): Lin Crase ;, Vasant P. Gandhi , Reforming Institutions in Water Resource Management: Policy and Performance for Sustainable Development, 2009
